00702nam a2200205 a 450000100060000000300090000600500170001500800410003202000150007304000280008808200170011610000220013324501530015525000120030826000410032030000270036150400390038865000310042770000380045825960CO-ViMGA20230915232140.0141112s2004 ck r 000 u spa d a8471124963 aCO-ViMGAbspacCO-ViMGA04a618.92 V64a1 aVojta, Vláclav.10aAlteraciones motoras cerebrales infantiles : bdiagnóstico y tratamiento precoz / cpor Václav Vojta ; traducción Paloma Sánchez de Muniain. a2a. ed. aMadrid : bEdiciones Morata, c2005. a370 p. : il. ; 24 cm. aIncluye bibliografía e índice.14aNeurología pediátrica.1 aSánchez de Muniain, Paloma, tr.